|
|
|
|
| LEADER |
00000naa2a2200000 4500 |
| 001 |
293360 |
| 005 |
20260121090916.0 |
| 035 |
|
|
|a (RuTPU)RU\TPU\book\318373
|
| 090 |
|
|
|a 293360
|
| 100 |
|
|
|a 20150429d2012 k y0rusy50 ca
|
| 101 |
0 |
|
|a rus
|
| 102 |
|
|
|a RU
|
| 200 |
1 |
|
|a Возможности высшего образования для интеграции студента в межкультурную профессиональную среду
|f В. А. Болгова, В. М. Ростовцева
|
| 320 |
|
|
|a Библиогр.: с. 14-15 (5 назв.)
|
| 463 |
|
0 |
|0 (RuTPU)RU\TPU\book\314551
|t Лингвистические и культурологические традиции и инновации
|o сборник материалов XII Международной научно-практической конференции, 15-17 ноября 2012 г., Томск
|f Национальный исследовательский Томский политехнический университет (ТПУ) ; под ред. Н. А. Качалова
|v С. 11-15
|d 2012
|
| 610 |
1 |
|
|a труды учёных ТПУ
|
| 700 |
|
1 |
|a Болгова
|b В. А.
|c специалист в области электротехники
|c инженер Томского политехнического университета
|f 1990-
|g Вероника Андреевна
|3 (RuTPU)RU\TPU\pers\37712
|
| 701 |
|
1 |
|a Ростовцева
|b В. М.
|c лингвист
|c доцент Томского политехнического университета, кандидат педагогических наук
|f 1956-
|g Вероника Михайловна
|3 (RuTPU)RU\TPU\pers\24755
|9 10996
|
| 712 |
0 |
2 |
|a Национальный исследовательский Томский политехнический университет
|c (2009- )
|9 26305
|
| 801 |
|
1 |
|a RU
|b 63413507
|c 20150429
|
| 801 |
|
2 |
|a RU
|b 63413507
|c 20161228
|g RCR
|
| 850 |
|
|
|a 63413507
|
| 942 |
|
|
|c BK
|